[Event "Skandenborg Smuk"]
[Site "Skanderborg"]
[Date "2022.08.13"]
[Round "5"]
[White "Vinter Schou, Uffe"]
[Black "Nielsen, Viktor Haarmark"]
[Result "0-1"]
[WhiteElo "2407"]
[BlackElo "2336"]
[PlyCount "90"]
[EventDate "2022.08.13"]
[EventType "tourn"]
[EventRounds "9"]
[EventCountry "DEN"]
[EventCategory "8"]
[SourceTitle "CBM 209 Extra"]
[Source "ChessBase"]
[SourceDate "2022.09.30"]
[SourceVersion "1"]
[SourceVersionDate "2022.09.30"]
[SourceQuality "1"]

1. c4 Nf6 2. Nc3 g6 3. g3 Bg7 4. Bg2 c5 5. d3 Nc6 6. Bf4 d6 7. Qd2 Nd4 8. Rb1 a5 9. Bh6 0-0 10. Bxg7 Kxg7 11. e3 Nf5 12. Nge2 h5 13. h4 e6 14. d4 Qb6 15. 0-0 cxd4 16. Nxd4 Nxd4 17. Qxd4 Qxd4 18. exd4 Rd8 19. Rfe1 Rb8 20. b4 axb4 21. Rxb4 Rd7 22. Reb1 e5 23. Bc6 Rc7 24. d5 Ra8 25. Ba4 Rc5 26. Bb3 Ra6 27. Rd1 Rc7 28. Nb5 Rc5 29. Nc3 Rc7 30. Kg2 Bf5 31. Nb5 Rc5 32. Nc3 Rc7 33. f3 Nd7 34. Na4 Ra5 35. Rd2 e4 36. f4 Bg4 37. Kf2 Nf6 38. Rb6 Re7 39. Rd4 e3+ 40. Ke1 Ne4 41. Rxe4 Rxe4 42. Nc3 Rd4 43. Rxb7 Rd3 44. Ne2 Rd2 45. Nc3 Rh2 0-1

[Event "Skandenborg Smuk"]
[Site "Skanderborg"]
[Date "2022.08.13"]
[Round "3"]
[White "Vinter Schou, Uffe"]
[Black "Olsen, Filip Boe"]
[Result "0-1"]
[WhiteElo "2407"]
[BlackElo "2427"]
[PlyCount "74"]
[EventDate "2022.08.13"]
[EventType "tourn"]
[EventRounds "9"]
[EventCountry "DEN"]
[EventCategory "8"]
[SourceTitle "CBM 209 Extra"]
[Source "ChessBase"]
[SourceDate "2022.09.30"]
[SourceVersion "1"]
[SourceVersionDate "2022.09.30"]
[SourceQuality "1"]

1. e4 c5 2. b3 g6 3. Bb2 Nf6 4. e5 Nd5 5. Qf3 e6 6. Na3 Bg7 7. 0-0-0 0-0 8. Qg3 f6 9. f4 Nc6 10. h4 fxe5 11. fxe5 Nf4 12. Nf3 a6 13. Nc4 b5 14. Nd6 Qc7 15. Ne8 Rxe8 16. Qxf4 Rf8 17. Qg3 Rf5 18. Re1 c4 19. bxc4 bxc4 20. Bxc4 Rb8 21. Bb3 a5 22. Re4 Rb4 23. Rxb4 Nxb4 24. Kb1 Bb7 25. Re1 Bd5 26. Bc3 Qb8 27. Qg4 Bf8 28. Bb2 Bc6 29. a4 Nd3 30. Re3 Nxb2 31. Kxb2 Bh6 32. Ng5 Bg7 33. d4 Bxa4 34. Rc3 Bc6 35. Ka2 a4 36. Bxe6+ dxe6 37. Rxc6 a3 0-1

[Event "Skandenborg Smuk"]
[Site "Skanderborg"]
[Date "2022.08.13"]
[Round "6"]
[White "Vinter Schou, Uffe"]
[Black "Solodovnichenko, Yuri"]
[Result "1/2-1/2"]
[WhiteElo "2407"]
[BlackElo "2508"]
[PlyCount "175"]
[EventDate "2022.08.13"]
[EventType "tourn"]
[EventRounds "9"]
[EventCountry "DEN"]
[EventCategory "8"]
[SourceTitle "CBM 209 Extra"]
[Source "ChessBase"]
[SourceDate "2022.09.30"]
[SourceVersion "1"]
[SourceVersionDate "2022.09.30"]
[SourceQuality "1"]

1. c4 e5 2. Nc3 Nf6 3. Nf3 Nc6 4. g3 Bb4 5. Bg2 0-0 6. 0-0 d6 7. Nd5 Bc5 8. e3 Re8 9. b3 e4 10. Ne1 Nxd5 11. cxd5 Qf6 12. d4 Nd8 13. Qc2 Bf5 14. dxc5 Qxa1 15. Bb2 Qxa2 16. Qc3 f6 17. Nc2 Qa6 18. Nd4 Bg6 19. Ra1 dxc5 20. Rxa6 cxd4 21. Qxc7 bxa6 22. Bxd4 Bf7 23. Qd7 Rb8 24. Bf1 Rb7 25. Qd6 Rxb3 26. Bc4 Rb1+ 27. Kg2 Bh5 28. Qd7 h6 29. d6+ Kh7 30. Bd5 Bf3+ 31. Kh3 h5 32. Bxe4+ Rxe4 33. Qf5+ Kh6 34. Qxf3 Nf7 35. Bxf6 Nxd6 36. Bd4 Rb5 37. Qf8 Nf5 38. Bc3 Re6 39. Qf7 Rc6 40. Bd2 Rd6 41. Bc1 Rc6 42. Qxa7 Kh7 43. Bd2 Rd6 44. Bc3 Rc6 45. Ba1 Ra5 46. Qb7 Rc2 47. Bxg7 Raa2 48. Be5+ Kg6 49. Qb6+ Kh7 50. Qf6 Rxf2 51. Qf7+ Kh6 52. Bf4+ Rxf4 53. gxf4 Ra5 54. Qf8+ Kh7 55. e4 Ng7 56. f5 Re5 57. Qb8 Rxe4 58. f6 Ne6 59. Qb7+ Kh6 60. Kg2 Rg4+ 61. Kh1 Kg6 62. Qe7 Re4 63. Kg1 Rg4+ 64. Kh1 Re4 65. h3 Re1+ 66. Kh2 Re2+ 67. Kg1 Re1+ 68. Kf2 Re5 69. f7 Rf5+ 70. Kg3 Rf6 71. Qe8 Kg7 72. Qg8+ Kh6 73. Kh2 a5 74. Qe8 Kg7 75. Kg3 Nf8 76. Kh4 Rf5 77. Kg3 Rxf7 78. Qe5+ Kg6 79. Qxa5 Rf5 80. Qb6+ Kh7 81. Qd6 Kg7 82. Qd4+ Kh7 83. Qe4 Kg6 84. Qe8+ Kh6 85. Qc6+ Ng6 86. Qd7 h4+ 87. Kg2 Rf8 88. Qg4 1/2-1/2

[Event "Fredericia IM"]
[Site "Fredericia"]
[Date "2022.05.28"]
[Round "7"]
[White "Ramsdal, Jens Albert"]
[Black "Vinter Schou, Uffe"]
[Result "1-0"]
[WhiteElo "2267"]
[BlackElo "2321"]
[PlyCount "83"]
[EventDate "2022.05.25"]
[EventType "tourn"]
[EventRounds "9"]
[EventCountry "DEN"]
[EventCategory "2"]
[SourceTitle "CBM 208 Extra"]
[Source "ChessBase"]
[SourceDate "2022.07.31"]
[SourceVersion "1"]
[SourceVersionDate "2022.07.31"]
[SourceQuality "1"]

1. d4 Nf6 2. c4 e6 3. Nc3 Bb4 4. Qc2 d6 5. Bd2 Nbd7 6. Nf3 0-0 7. a3 Bxc3 8. Bxc3 c5 9. Rd1 Qe7 10. dxc5 Nxc5 11. Ng5 e5 12. b4 Ne6 13. Ne4 Rd8 14. e3 Ne8 15. Ng3 b6 16. Be2 Bb7 17. 0-0 Rac8 18. f4 exf4 19. exf4 d5 20. Bd3 d4 21. Bd2 h6 22. Rde1 Qf8 23. f5 Ng5 24. f6 Nxf6 25. Rxf6 gxf6 26. h4 Re8 27. Rf1 Qd6 28. Bf4 Qc6 29. hxg5 fxg5 30. Bc1 Re5 31. Qf2 Rc7 32. Nf5 Rd7 33. Qg3 Re6 34. Bb2 Rf6 35. Qb8+ Bc8 36. Qe5 Qe6 37. Qg3 Qe8 38. Re1 Qd8 39. Qe5 Bb7 40. Qe8+ Qxe8 41. Rxe8+ Kh7 42. Ne7+ 1-0